000 00327 a2200169 4500
001 192354
020 _a978-85-322-9900-0
040 _cMagnum
100 _aOom, Ana
240 1 0 _aRapunzel
_lpor
245 1 0 _aRapunzel
300 _a30
362 0 _a2014
440 1 _aFTD
697 _aLITERATURA INFANTO
942 _cBK
999 _c192354
_d192354